Nemzedékem útjain

Bibliographic Details
Main Author: Koncsol, László, 1936-2023 (Author)
Format: Book
Language:Hungarian
PhysicalDescription:388 s. 21 cm
Published: Bratislava Budapest Madách Szépirodalmi Könyvkiadó 1988
Edition:1. kiad.
Subjects:

MARC

LEADER 00000cam a2200000 a 4500
001 vtls001079573
003 SK-MaSNL
005 20260507043125.0
008 250821s1988 xo 000 j hun
015 |a SNBA1989/01 
035 |a SNK000022410 
035 |a urn:nbn:sk:snk-amjb30 
035 |a urn:nbn:sk:snk-am002qf0 
035 |a B2266FF5-CE8C-4028-ACC0-D3BE10F90F32 
040 |a SNK  |b slo  |c SNK  |e AACR2 
041 0 |a hun 
044 |a xo  |c SK  |a hu  |c HU 
080 |a 894.511 (437)-4=945.11  |2 1981 
100 1 |a Koncsol, László,  |d 1936-2023  |4 aut  |9 207344 
245 1 0 |a Nemzedékem útjain  |c László Koncsol 
250 |a 1. kiad. 
260 |a Bratislava  |b Madách  |a Budapest  |b Szépirodalmi Könyvkiadó  |c 1988  |e Martin  |f Tlačiarne SNP 
300 |a 388 s.  |c 21 cm 
366 |e 600 výt. 
500 |a Fot. na front. 1300 výtl. pre Szépirodalmi Könyvkiadó, Budapest. Súbež. tir. slov. 
650 0 7 |a maďarská literatúra  |2 SNKPH  |9 1193 
650 0 7 |a maďarskí spisovatelia  |2 SNKPH  |9 55632 
651 7 |a Československo  |2 SNKPH  |9 21376 
655 7 |a eseje  |2 SNKPH  |9 57030 
958 |a EUIPO 
958 |a OND 
958 |a LX 
958 |a TL 
958 |a HU 
999 |c 792091  |d 794021 
952 |t P60, <04>, [BOOK], {604}  |a SNK  |b SNK  |y VYP  |7 0  |p 17A0195659  |o snkSC 73417 D1  |i snkKSP 11764/88  |0 0  |1 0  |4 0  |d 1999-06-02  |f 1  |l 0  |r 2004-12-31 00:00:00  |w 2026-02-24 
952 |a SNK  |b SNK  |y PREZ  |7 0  |p 17A0975371  |o snkSC 73417  |0 0  |1 0  |4 0  |d 2012-09-23  |l 0  |r 2025-07-29 00:00:00  |w 2026-02-24